Statistics for Films by Picture #4

Click here to take the quiz!

General Stats

  • This quiz has been taken 167 times
  • The average score is 7 of 15

Answer Stats

Answer% Correct
Black Panther
88%
The Karate Kid
87%
Friday the 13th
85%
Elf
84%
Cocktail
62%
The Mask
58%
Hook
46%
Cats and Dogs
41%
Rio
30%
Frozen
25%
The Color Purple
19%
Sunset Boulevard
14%
Madagascar
13%
Coming to America
4%
Beauty and the Beast
0%

Score Distribution

Percentile by Number Answered

Percent of People with Each Score

Your Score History

You have not taken this quiz